| 000 | 00885nam a2200277Ia 4500 | ||
|---|---|---|---|
| 003 | GCL | ||
| 008 | 140319s9999 xx 000 0 ara d | ||
| 020 | _a6061350977 | ||
| 040 |
_aGCL / _cGCL |
||
| 082 | 0 | 4 |
_a004.678 _bس ا |
| 100 | 1 | _aسعيد على حسن | |
| 245 | 1 | 0 |
_aالإسلام على الإنترنت / _cسعيد على حسن |
| 260 |
_aالقاهرة : _bدار الكتاب الحديث ، _c2004 |
||
| 300 |
_a365 ص ؛ _c24 سم |
||
| 650 | 0 | 4 | _aالاسلام |
| 650 | 0 | 4 | _aالطب العربى |
| 650 | 0 | 4 | _aالثقافة الاسلامية |
| 650 | 0 | 4 | _aالفتاوى الشرعية |
| 650 | 0 | 4 | _aالفقه الاسلامى |
| 650 | 0 | 4 | _aانتشار الاسلام |
| 650 | 0 | 4 | _aالاسلام والطب |
| 650 | 0 | 4 | _aالمرأة المسلمة |
| 650 | 0 | 4 | _aالإنترنت |
| 650 | 0 | 4 | _aالإنترنت - مواقع |
| 942 |
_2ddc _cBK |
||
| 999 |
_c6035 _d6035 |
||